UBT Library

THE BODY ELECTRIC (Record no. 60261)

000 -LEADER
fixed length control field 00307nam a22001457a 4500
008 - FIXED-LENGTH DATA ELEMENTS--GENERAL INFORMATION
fixed length control field 230906b ||||| |||| 00| 0 eng d
020 ## - INTERNATIONAL STANDARD BOOK NUMBER
International Standard Book Number 9780688069711
041 ## - LANGUAGE CODE
Language code of text/sound track or separate title eng
080 ## - UNIVERSAL DECIMAL CLASSIFICATION NUMBER
Universal Decimal Classification number 61
082 ## - DEWEY DECIMAL CLASSIFICATION NUMBER
Classification number 61BEC
100 ## - Rafti
Rafti 5
101 ## - Shkurtesa
Shkurtesa MP
245 ## - TITLE STATEMENT
Title THE BODY ELECTRIC
Statement of responsibility, etc BECKER.O.R
942 ## - ADDED ENTRY ELEMENTS (KOHA)
Source of classification or shelving scheme
Item type Books
Holdings
Withdrawn status Lost status Source of classification or shelving scheme Damaged status Not for loan Collection code Permanent location Current location Date acquired Total Checkouts Full call number Barcode Date last seen Price effective from Koha item type
          Koleksioni i përgjithshem UBT - Lipjan UBT - Lipjan 09/06/2023   61BEC 002-800070178 09/06/2023 09/06/2023 Books
UBT Library © 2015-2024. All rights reserved University Education for Business and Technology